[Event "Titled Tuesday intern op 24th May Early"]
[Site "Chess.com INT"]
[Date "2022.05.24"]
[Round "8"]
[White "Aradhya, Garg"]
[Black "Vidonyak, Roman"]
[Result "1-0"]
[WhiteElo "2275"]
[BlackElo "2442"]
[PlyCount "85"]
[EventDate "2022.05.24"]
[EventType "swiss (blitz)"]
[EventRounds "11"]
[EventCountry "USA"]
[SourceTitle "EXT 2023"]
[Source "ChessBase"]
[SourceDate "2022.10.05"]
[SourceVersion "1"]
[SourceVersionDate "2022.10.05"]
[SourceQuality "1"]

1. d4 Nf6 2. Nf3 g6 3. g3 Bg7 4. Bg2 d5 5. 0-0 0-0 6. Nbd2 c5 7. dxc5 Na6 8. Nb3 Qc7 9. Bf4 Qd8 10. Be5 Bf5 11. Nfd4 Rc8 12. Nxf5 gxf5 13. Bxf6 Bxf6 14. Qxd5 Qxd5 15. Bxd5 Nxc5 16. c3 e6 17. Nxc5 Rxc5 18. Bf3 b5 19. a3 Rfc8 20. Rfd1 R8c7 21. e4 fxe4 22. Bxe4 a5 23. Bd3 Kg7 24. Kg2 Rc8 25. h4 Rd5 26. Be4 Rdc5 27. Rd7 R8c7 28. Rxc7 Rxc7 29. Bd3 Rc5 30. Kf3 Kf8 31. Bxh7 Rd5 32. Ke3 Re5+ 33. Kd2 Rd5+ 34. Bd3 Kg7 35. b4 a4 36. Rc1 Kh6 37. c4 bxc4 38. Rxc4 Bb2 39. b5 Rxb5 40. Rxa4 Rb3 41. Ra7 Rxa3 42. Rxf7 Ra5 43. Rh7# 1-0

[Event "Titled Tuesday intern op 24th May Early"]
[Site "Chess.com INT"]
[Date "2022.05.24"]
[Round "1"]
[White "Livaic, Leon"]
[Black "Vidonyak, Roman"]
[Result "1-0"]
[WhiteElo "2562"]
[BlackElo "2442"]
[PlyCount "99"]
[EventDate "2022.05.24"]
[EventType "swiss (blitz)"]
[EventRounds "11"]
[EventCountry "USA"]
[SourceTitle "EXT 2023"]
[Source "ChessBase"]
[SourceDate "2022.10.05"]
[SourceVersion "1"]
[SourceVersionDate "2022.10.05"]
[SourceQuality "1"]

1. d4 Nf6 2. Nc3 d5 3. Bf4 a6 4. e3 c5 5. dxc5 Qa5 6. Nf3 Qxc5 7. Bd3 Bg4 8. h3 Bxf3 9. Qxf3 e6 10. 0-0 Be7 11. e4 0-0 12. exd5 exd5 13. Rfe1 Nc6 14. Bg5 Nd4 15. Qe3 Ne6 16. Qxc5 Bxc5 17. Bxf6 gxf6 18. Nxd5 Kg7 19. b4 Bd4 20. c3 Be5 21. Rad1 Rfd8 22. c4 Rac8 23. Ne7 Rc7 24. Nf5+ Kg8 25. Bf1 Rcd7 26. Rd5 Nf4 27. Rxd7 Rxd7 28. g3 Ne6 29. c5 Bc3 30. Re4 Rd1 31. Kg2 Rb1 32. a3 Rb3 33. Bc4 Rxa3 34. Bxe6 fxe6 35. Rxe6 Bxb4 36. Re8+ Kf7 37. Re7+ Kg8 38. Rg7+ Kf8 39. Rxh7 Bxc5 40. Rxb7 Ra2 41. g4 Rxf2+ 42. Kg3 Ra2 43. h4 Ra3+ 44. Kg2 Ra2+ 45. Kf3 a5 46. h5 a4 47. h6 Kg8 48. h7+ Kh8 49. Nh4 Rf2+ 50. Kg3 1-0

[Event "Titled Tuesday intern op 24th May Early"]
[Site "Chess.com INT"]
[Date "2022.05.24"]
[Round "7"]
[White "Perez Gormaz, Matias Ariel"]
[Black "Vidonyak, Roman"]
[Result "0-1"]
[WhiteElo "2387"]
[BlackElo "2442"]
[PlyCount "40"]
[EventDate "2022.05.24"]
[EventType "swiss (blitz)"]
[EventRounds "11"]
[EventCountry "USA"]
[SourceTitle "EXT 2023"]
[Source "ChessBase"]
[SourceDate "2022.10.05"]
[SourceVersion "1"]
[SourceVersionDate "2022.10.05"]
[SourceQuality "1"]

1. e4 c5 2. Nf3 d6 3. Nc3 Nf6 4. d4 cxd4 5. Qxd4 Nc6 6. Bb5 Bd7 7. Bxc6 Bxc6 8. Bg5 e6 9. 0-0-0 Be7 10. Rhe1 0-0 11. e5 dxe5 12. Qh4 Qc7 13. Nxe5 h6 14. Bxh6 gxh6 15. Qxh6 Nh7 16. f4 Bf6 17. Rd3 Bg7 18. Qh3 Kh8 19. Ng6+ fxg6 20. Qxe6 Rae8 0-1

[Event "Titled Tuesday intern op 24th May Early"]
[Site "Chess.com INT"]
[Date "2022.05.24"]
[Round "4"]
[White "Ronka, Erik"]
[Black "Vidonyak, Roman"]
[Result "0-1"]
[WhiteElo "2283"]
[BlackElo "2442"]
[PlyCount "96"]
[EventDate "2022.05.24"]
[EventType "swiss (blitz)"]
[EventRounds "11"]
[EventCountry "USA"]
[SourceTitle "EXT 2023"]
[Source "ChessBase"]
[SourceDate "2022.10.05"]
[SourceVersion "1"]
[SourceVersionDate "2022.10.05"]
[SourceQuality "1"]

1. d4 Nf6 2. c4 g6 3. Nc3 d5 4. Bf4 Bg7 5. e3 c5 6. dxc5 Qa5 7. Rc1 dxc4 8. Bxc4 0-0 9. Nge2 Qxc5 10. Nb5 Qb4+ 11. Kf1 Ne4 12. a3 Qxb2 13. Rc2 Qf6 14. Nc7 e5 15. Bg3 Rd8 16. Qc1 h5 17. h4 Bg4 18. Kg1 Nc6 19. Nxa8 Rxa8 20. Kh2 Bh6 21. Bd5 Nxg3 22. Nxg3 Qxh4+ 23. Kg1 Qf6 24. Ne4 Qe7 25. Bxc6 bxc6 26. Rxc6 Bf5 27. Nf6+ Kg7 28. Nd5 Qg5 29. Qc3 Be4 30. Nf4 Rd8 31. Qe1 Qg4 32. f3 Bxf3 33. Rh4 Rd1 34. Rxg4 Rxe1+ 35. Kf2 Bxg4 36. Kxe1 exf4 37. exf4 Bxf4 38. Ra6 Be3 39. Rd6 Bc5 40. Rc6 Bxa3 41. Rc7 Bb4+ 42. Kf2 a5 43. g3 Kf6 44. Ke3 Bf5 45. Rc6+ Kg5 46. Ra6 Be6 47. Kf2 Kg4 48. Rb6 Bc5+ 0-1

[Event "Titled Tuesday intern op 24th May Early"]
[Site "Chess.com INT"]
[Date "2022.05.24"]
[Round "3"]
[White "Steenbekkers, Franck"]
[Black "Vidonyak, Roman"]
[Result "0-1"]
[WhiteElo "2164"]
[BlackElo "2442"]
[PlyCount "62"]
[EventDate "2022.05.24"]
[EventType "swiss (blitz)"]
[EventRounds "11"]
[EventCountry "USA"]
[SourceTitle "EXT 2023"]
[Source "ChessBase"]
[SourceDate "2022.10.05"]
[SourceVersion "1"]
[SourceVersionDate "2022.10.05"]
[SourceQuality "1"]

1. e4 c5 2. Nf3 d6 3. d4 cxd4 4. Nxd4 Nf6 5. Nc3 a6 6. Bg5 Nbd7 7. Bc4 Qb6 8. Bb3 e6 9. Qd2 Be7 10. 0-0-0 Qc7 11. h4 b5 12. f3 Nc5 13. Kb1 Bb7 14. g4 Rc8 15. Bxf6 Bxf6 16. Ndxb5 axb5 17. Nxb5 Qb6 18. Nxd6+ Ke7 19. g5 Be5 20. Nxc8+ Rxc8 21. f4 Bb8 22. f5 Nxe4 23. f6+ Kf8 24. fxg7+ Kxg7 25. Qe1 Nf2 26. Qf1 Nxh1 27. Rd7 Nf2 28. h5 Rd8 29. h6+ Kg8 30. Rxd8+ Qxd8 31. Qxf2 Qd1# 0-1

[Event "Titled Tuesday intern op 24th May Early"]
[Site "Chess.com INT"]
[Date "2022.05.24"]
[Round "6"]
[White "Vidonyak, Roman"]
[Black "Zemlyanskii, Ivan"]
[Result "1-0"]
[WhiteElo "2442"]
[BlackElo "2286"]
[PlyCount "147"]
[EventDate "2022.05.24"]
[EventType "swiss (blitz)"]
[EventRounds "11"]
[EventCountry "USA"]
[SourceTitle "EXT 2023"]
[Source "ChessBase"]
[SourceDate "2022.10.05"]
[SourceVersion "1"]
[SourceVersionDate "2022.10.05"]
[SourceQuality "1"]

1. d4 Nf6 2. c4 e6 3. Nc3 Bb4 4. e3 0-0 5. Bd2 c5 6. a3 Bxc3 7. Bxc3 cxd4 8. Qxd4 Nc6 9. Qh4 b6 10. Rd1 Qe7 11. Nf3 Rd8 12. Bd3 h6 13. g4 d5 14. g5 Ne4 15. Bxg7 Kxg7 16. Qxh6+ Kg8 17. Rg1 Qf8 18. Qh5 Qg7 19. g6 f5 20. Nh4 Ne5 21. Bxe4 fxe4 22. Rg3 Ba6 23. Ng2 Bxc4 24. Nf4 Nd3+ 25. Rxd3 Bxd3 26. Nxe6 Rac8 27. Nxg7 Rc1+ 28. Kd2 Rc2+ 29. Kd1 Be2+ 30. Kxc2 Bxh5 31. Nxh5 Rc8+ 32. Kd2 Rc5 33. g7 Rc6 34. h4 Rh6 35. Rg5 Rd6 36. Nf4 d4 37. exd4 Rxd4+ 38. Ke3 Rd1 39. Kxe4 Rd7 40. h5 Re7+ 41. Kf5 Rf7+ 42. Kg4 Rd7 43. h6 Rd8 44. f3 Rc8 45. Kh5 Kh7 46. g8Q+ Rxg8 47. Rxg8 Kxg8 48. Kg6 Kf8 49. h7 Ke7 50. h8Q Kd6 51. Qf6+ Kc5 52. Qc3+ Kb5 53. Kf6 Ka6 54. Ke6 b5 55. Qc6+ Ka5 56. Nd3 Ka4 57. Qa6+ Kb3 58. Qxb5+ Ka2 59. Qc4+ Kb1 60. Qc1+ Ka2 61. b4 Kb3 62. Nc5+ Ka2 63. Qc2+ Kxa3 64. Nb3 Kxb4 65. Kd5 a5 66. Qc4+ Ka3 67. Nc5 Kb2 68. Qb3+ Kc1 69. Kd4 Kd2 70. Qc3+ Ke2 71. Qe3+ Kf1 72. Nd3 Kg2 73. f4 Kh2 74. Ne1 1-0

[Event "Titled Tuesday intern op 17th May Early"]
[Site "Chess.com INT"]
[Date "2022.05.17"]
[Round "2"]
[White "Deepan Chakkravarthy, J."]
[Black "Vidonyak, Roman"]
[Result "0-1"]
[WhiteElo "2478"]
[BlackElo "2442"]
[PlyCount "54"]
[EventDate "2022.05.17"]
[EventType "swiss (blitz)"]
[EventRounds "11"]
[EventCountry "USA"]
[SourceTitle "CBM 208 Extra"]
[Source "ChessBase"]
[SourceDate "2022.07.31"]
[SourceVersion "1"]
[SourceVersionDate "2022.07.31"]
[SourceQuality "1"]

1. e4 c5 2. Nf3 d6 3. d4 cxd4 4. Nxd4 Nf6 5. Nc3 a6 6. g3 e5 7. Nf3 Be7 8. Nh4 g6 9. Bg2 0-0 10. a4 Be6 11. 0-0 Nc6 12. Nf3 Rc8 13. h3 Nb4 14. Bh6 Re8 15. Ng5 Bc4 16. Re1 Qb6 17. a5 Qc7 18. Ra4 d5 19. Nxd5 Bxd5 20. exd5 Nxc2 21. Re2 Nd4 22. Re3 Bc5 23. Rc3 Qd7 24. Rac4 Bd6 25. h4 Rxc4 26. Rxc4 Qb5 27. b4 Qxc4 0-1

[Event "Titled Tuesday intern op 17th May Early"]
[Site "Chess.com INT"]
[Date "2022.05.17"]
[Round "5"]
[White "Risteski, Emil"]
[Black "Vidonyak, Roman"]
[Result "1-0"]
[WhiteElo "2391"]
[BlackElo "2442"]
[PlyCount "43"]
[EventDate "2022.05.17"]
[EventType "swiss (blitz)"]
[EventRounds "11"]
[EventCountry "USA"]
[SourceTitle "CBM 208 Extra"]
[Source "ChessBase"]
[SourceDate "2022.07.31"]
[SourceVersion "1"]
[SourceVersionDate "2022.07.31"]
[SourceQuality "1"]

1. e4 c5 2. Be2 Nc6 3. f4 d5 4. d3 e6 5. Nf3 Bd6 6. 0-0 Nge7 7. c3 f6 8. Kh1 0-0 9. Na3 a6 10. Nc2 b5 11. Be3 Bb7 12. a3 Rc8 13. Qd2 e5 14. b4 d4 15. cxd4 Nxd4 16. Ncxd4 cxd4 17. Bg1 Rc3 18. fxe5 fxe5 19. Ng5 Bc8 20. Qa2+ Kh8 21. Rxf8+ Qxf8 22. Nf7+ 1-0

[Event "Titled Tuesday intern op 17th May Early"]
[Site "Chess.com INT"]
[Date "2022.05.17"]
[Round "8"]
[White "Vidonyak, Roman"]
[Black "Carrasco Miranda, Andres"]
[Result "0-1"]
[WhiteElo "2442"]
[BlackElo "2285"]
[PlyCount "64"]
[EventDate "2022.05.17"]
[EventType "swiss (blitz)"]
[EventRounds "11"]
[EventCountry "USA"]
[SourceTitle "CBM 208 Extra"]
[Source "ChessBase"]
[SourceDate "2022.07.31"]
[SourceVersion "1"]
[SourceVersionDate "2022.07.31"]
[SourceQuality "1"]

1. d4 Nf6 2. c4 g6 3. h4 c5 4. d5 e6 5. dxe6 fxe6 6. e4 Nc6 7. Nc3 Bg7 8. Be2 0-0 9. f4 d5 10. cxd5 exd5 11. exd5 Nd4 12. Nf3 Nxd5 13. Bc4 Be6 14. Ng5 Nxc3 15. Nxe6 Qe7 16. bxc3 Nxe6 17. 0-0 Kh8 18. Qc2 Rae8 19. Be3 Qxh4 20. Bxe6 Rxe6 21. Rae1 Rfe8 22. Qf2 Qxf2+ 23. Kxf2 Bxc3 24. Re2 Rxe3 25. Rxe3 Bd4 26. Rfe1 Rxe3 27. Rxe3 Kg7 28. Ke2 Bxe3 29. Kxe3 Kf6 30. Ke4 h5 31. Kd5 Kf5 32. Kxc5 Kxf4 0-1

[Event "Titled Tuesday intern op 17th May Early"]
[Site "Chess.com INT"]
[Date "2022.05.17"]
[Round "10"]
[White "Vidonyak, Roman"]
[Black "Gatterer, Florian"]
[Result "0-1"]
[WhiteElo "2442"]
[BlackElo "2167"]
[PlyCount "126"]
[EventDate "2022.05.17"]
[EventType "swiss (blitz)"]
[EventRounds "11"]
[EventCountry "USA"]
[SourceTitle "CBM 208 Extra"]
[Source "ChessBase"]
[SourceDate "2022.07.31"]
[SourceVersion "1"]
[SourceVersionDate "2022.07.31"]
[SourceQuality "1"]

1. d4 Nf6 2. c4 g6 3. h4 c5 4. d5 d6 5. Nc3 e6 6. e4 exd5 7. exd5 Qe7+ 8. Be2 Bg7 9. Kf1 0-0 10. h5 Ne4 11. Nxe4 Qxe4 12. Bd3 Qe7 13. hxg6 hxg6 14. Bh6 Nd7 15. Qd2 Qf6 16. Nf3 Bxh6 17. Qxh6 Qg7 18. Qh4 Nf6 19. Re1 Bg4 20. Ng5 Rae8 21. f3 Bd7 22. Kf2 Nh5 23. b3 a6 24. Ne4 Qd4+ 25. Re3 Qb2+ 26. Be2 Bf5 27. g4 Bxe4 28. fxe4 Qf6+ 29. Bf3 Qxh4+ 30. Rxh4 Nf6 31. g5 Nd7 32. Bg4 Ne5 33. Reh3 Nxg4+ 34. Rxg4 Kg7 35. Rgh4 Rh8 36. Rxh8 Rxh8 37. Rxh8 Kxh8 38. Kf3 Kg7 39. Kf4 f6 40. Kg4 Kf7 41. a3 b5 42. cxb5 axb5 43. Kf3 fxg5 44. a4 bxa4 45. bxa4 Ke7 46. a5 Kd7 47. Kg4 c4 48. Kxg5 c3 49. Kxg6 c2 50. e5 dxe5 51. a6 c1Q 52. a7 Qa1 53. Kf7 Kd6 54. Kf6 Qxa7 55. Kf5 Qd4 56. Kg6 Qxd5 57. Kf5 Qf3+ 58. Kg6 e4 59. Kg5 e3 60. Kg6 e2 61. Kg5 e1Q 62. Kg6 Qg1+ 63. Kh6 Qfh1# 0-1